Derechos y obligaciones de las iglesias y confesiones religiosas frente a la ley Colombiana / Samuel Díaz Escandon (Registro nro. 44823)
[ vista simple ]
| 000 -LÍDER | |
|---|---|
| Campo fijo de descripción fija | 014810000a22002170004500 |
| 020 ## - NÚMERO INTERNACIONAL NORMALIZADO PARA LIBROS | |
| Número Internacional Normalizado del libro | 978-958-44-6099-8 |
| 082 04 - NÚMERO DE CLASIFICACIÓN DECIMAL DEWEY | |
| Número de clasificación | G 344.09698 D5421d |
| 001 - NÚMERO DE CONTROL | |
| Campo de control | 18377 |
| 100 1# - ASIENTO PRINCIPAL--NOMBRE PERSONAL | |
| Nombre personal | Díaz Escandon, Samuel |
| 245 10 - TÍTULO | |
| Título del Material | Derechos y obligaciones de las iglesias y confesiones religiosas frente a la ley Colombiana / Samuel Díaz Escandon |
| 250 ## - MENCIÓN DE EDICIÓN | |
| Mención de edición | 3 |
| 260 ## - PUBLICACIÓN, DISTRIBUCIÓN, ETC. (PIE DE IMPRENTA) | |
| Lugar de publicación, distribución, etc. | Colombia : Instituto Cristiano de Estudios Sociales y políticos "Juan Calvino" (ICES) |
| 300 ## - DESCRIPCIÓN FÍSICA | |
| Extensión | 304 p. |
| 336 ## - CONTENT TYPE | |
| Content type term | texto |
| Content type code | txt |
| Source | rdacontent |
| 337 ## - MEDIA TYPE | |
| Source | rdamedia |
| Media type term | sin mediación |
| Media type code | n |
| 338 ## - CARRIER TYPE | |
| Source | rdacarrier |
| Carrier type term | volumen |
| Carrier type code | nc |
| 501 ## - NOTA DE “CON” | |
| Nota de Contenido | Rústico |
| 505 00 - NOTA DE CONTENIDO | |
| Nota de contenido con formato preestablecido | Libertad religiosas y los derechos humanos -- las Naciones Unidas y la libertad religiosa -- la iglesia católica y la libertad religiosa -- la libertad religiosa y de cultos en Colombia, antecedentes históricos, constitución 1991, educación, régimen matrimonial, tutela; financiación y régimen contable y tributario aplicable a las iglesias y confesiones religiosas y sus ministros del culto; evolución y trámite de las personerías jurídicas para las iglesias, confesiones, denominaciones y asociaciones de ministros -- relaciones del Estado Colombiano y la iglesia Católica -- relaciones del Estado Colombiano y las entidades religiosas cristianas no católicas. |
| 650 14 - ASIENTO SECUNDARIO DE MATERIA - TERMINO TEMÁTICO | |
| Término temático o nombre geográfico como elemento de entrada | COLOMBIA - HISTORIA \ IGLESIA Y DERECHOS CIVILES \ IGLESIA - DENOMINACIONES \ IGLESIA Y EDUCACION \ IGLESIA Y ESTADO \ IGLESIA Y DERECHOS CIVILES |
| 942 ## - TIPO DE MATERIAL (KOHA) | |
| Tipo de Item KOHA | Libros General |
| Estado de Material | Estado de Perdido | Estado de Dañado | No para Préstamo | Colección | Tomo | Biblioteca de Origen | Biblioteca Permanente | Fecha de Adquisición | Total de Préstamos | Total de Renovaciones | Signatura Topográfica | Código de Barras | Última vez visto | Última vez Préstado | Ejemplar/Existencia | Fecha de Remplazo | Tipo de Material |
|---|---|---|---|---|---|---|---|---|---|---|---|---|---|---|---|---|---|
| Colección General | Biblioteca FUSBC | Biblioteca FUSBC | 29/05/2014 | 2 | 2 | G 344.09698 D5421d | 18374 | 13/12/2019 | 28/04/2018 | 1 | 26/01/2016 | Libros General |
